Quizzes
Events
Quiz Creation
Community
Videos
Private Events
Remove Ads
Sign In
Join for FREE
Feedback
Dark Mode
Quiz Categories
Sports
Geography
Music
Movies
Television
Just For Fun
Miscellaneous
History
Literature
Language
Science
Gaming
Entertainment
Religion
Holiday
For Kids
Quiz Lab
Recent
Popular Today
Quiz Kudos Today
Editor Picks
Curator Picks
Quizzes by...
Day
Popularity
Type
Ratings
Length
Year
Community
Subscriptions
Recent Discussions
Orange Saloon
Badges
Playlists
Quests
Create
Leaderboards
Showdown
Live 5
Trivia Bingo
Activity
Puzzle Library
Sporcle Events
Private Events
Virtual Trivia
Globe League
Become a Host
Pub Owners
SporcleCon
Opinionation
Our Games
Videos
Blog
Mobile Apps
Partnerships
Remove Ads and Go Orange
Feedback
Gaming
Video Games
Board Games
Card Games
Pokémon
Mario
Nintendo
Minecraft
Console
Toys
Legend of Zelda
Gaming
Video Games
Board Games
Card Games
Pokémon
Mario
Nintendo
Minecraft
Console
Toys
Legend of Zelda
Random Quiz
Search Sporcle
×
Quiz Lab
Quiz Lab
Gaming
Organization
Type in answers that appear in a list
Type in answers that appear in a list
Classic
Best Score? Go Orange.
Organization XIII Stats
Can you name the organization XIII members and ranks?
By
123ros
10m
13 Questions
9 Plays
9 Plays
9 Plays
Comments
Comments
Give Quiz Kudos
Give Quiz Kudos
-
- Ratings
hide this ad
Replay
Link that replays current quiz
Next Quiz
Link to next quiz in quiz playlist
You Got
0%
They Got
Avg Score
90%
Avg Friend Score
Upgrade to see
Score Distribution
Jump to the score distribution portion of the page
Score
0/13
Timer
10:00
0
Plays Today
% Correct
Xigbar The Freeshooter
100%
Xemnas The Superior
100%
Vexen The Chilly Academic
100%
Axel The Flurry of Dancing Flames
100%
Roxas The Key of Destiny
100%
Lexaeus The Silent Hero
88.9%
Zexion The Cloaked Schemer
88.9%
Demyx The Melodious Nocturne
88.9%
Luxord The Gambler of Fate
88.9%
Larxene The Savage Nymph
88.9%
Xaldin The Whirlwind Lancer
77.8%
Saix The Luna Diviner
77.8%
Marluxia The Graceful Assassin
77.8%
Quiz Playlist
Details
Report
Send in Message
Add To Playlist
Classic:
Type in answers that appear in a list
Last Updated: Feb 16, 2017
Quiz Scoreboard
CHALLENGE
Sign Up to Join the Scoreboard
Show All
Scores
Hide
Comments
May contain spoilers
Recently Published
Presidents Visiting Landmarks
by Hejman
History
7m
An Introduction to Baseball
by treessimontrees
Sports
5m
Movies - When Are They Set?
by FPL_Elf
Movies
5m
More to Explore
Quiz From the Vault
Featured Blog Post
Where Did the Easter Bunny Come From?
hide this ad
You Might Also Like...
Tags
Organization
XIII
Today's Top Quizzes in Gaming
Browse Gaming
hide this ad
Today's Top Quizzes in Organization
Browse Organization
Top Contributed Quizzes in Gaming
1
5-to-1: Consoles
2
7-to-1: Board Game Piece Blitz
3
5-to-1: Legend of Zelda
4
Destiny 2 exotic weapons by perk icons
5
Ultimate Genshin Impact Logic Puzzle (up to 4.3)
6
Franchise by Action Figure
7
Overwatch Logic Puzzle
8
Who's on the WWE 2K24 Cover?
9
Genshin Impact Logic Puzzle Quiz
10
Windmill: Pokémon
Explore More
Trending Topics
Harry Potter
Kpop
Anime
Marvel
Crossword
Disney
NBA
The Office
Pokémon
WWE
NFL
Puzzle
Soccer
Country
Song
hide this ad
More By:
123ros
Quiz
Plays
Rating
Category
Featured
Created
The Armenian Genocide
62
1.00
History
May 18, 2012
Organization XIII
9
1.00
Gaming
May 16, 2012
Go to Creator's Profile
Score Distribution
Quiz Creator Spotlight
123ros
Follow
Send a Message
Quizzes Created
-
Created Quiz Play Count
-
More By This Creator
Popular Quizzes Today
1
Find the US States - No Outlines Minefield
2
Find the Countries of Europe - No Outlines Minefield
3
The Countries of the World
4
Find the US States
5
Popular People in 1961
6
US States
7
Risky Map Clicking: Biggest States A-Z
8
Movies - When Are They Set?
More Gaming Quizzes
Get the Picture: Electric Type Gym Leaders
Quiz Lab
Trending Quizzes
Risky Map Clicking: Least Populous States A-Z
1-10 Letter G Words
1-10 Letter F Words
Risky Map Clicking: Next State Alphabetically
Risky Map Clicking: Biggest States A-Z
Recently Updated
Leaping Animals
pecheneg
Reality TV Shows (A-Z)
bhenderson79
Rickey Henderson's Hall of Fame Teammates
pecheneg
Champions League XIs: Arsenal
pecheneg
Quick Pick: Celebrities in WWE's Hall of Fame
aduchscher
A-Z Keypad Blitz II
pecheneg
Multiple Oscar Actors
pecheneg
Mystery Phrase Blitz: Oscar 'Best Actors'
pecheneg
F. Scott Fitzgerald Novels
LTH
Pick 3 Villains
ddd62291
Trending Topics
Kpop
Disney
Marvel
Anime
NBA
Crossword
Harry Potter
NFL
Soccer
Pokémon
The Office
Song
Puzzle
WWE
Country
Your Account Isn't Verified!
In order to create a playlist on Sporcle, you need to verify the email address you used during registration. Go to your
Sporcle Settings
to finish the process.
Report this User
Report this user for behavior that violates our
Community Guidelines
.
Details:
Send Report
Go to the Sporcle.com Mobile Site →
Comments